| 000 | 00640nam a22001577a 4500 | ||
|---|---|---|---|
| 003 | OSt | ||
| 005 | 20151022172840.0 | ||
| 008 | 151022b xxu||||| |||| 00| 0 eng d | ||
| 040 | _cRUA | ||
| 082 | _aAVM BOU 2011 B100 Or.1 | ||
| 100 |
_92709 _aBOU, SOPHEAP. |
||
| 245 | _aប្រសិទ្ធភាពនៃ PARAMEC-10 លើវត្តមានបរាសិតខាងក្នុងក្រពះ ពោះវៀនរបស់សុខន នៅក្នុងស្រុកអង្គស្នួល ខេត្តកណ្តាល. | ||
| 260 |
_aphnom phen _bRUA _c2011 |
||
| 300 |
_aX, 50p. _bill. _c29cm. |
||
| 942 |
_2ddc _cAVM |
||
| 999 |
_c2534 _d2534 |
||